LEADER 01121nam a2200229 4500 001 000000365910 003 CaOOAMICUS 005 20251223150312.0 008 251223s1928 it 000 u ita r 040 $aSeMil$bita 100 1 $aBosco, Giovanni,$c.$0(OLS)http://semarc/name/4287 245 10$aCenni sulla vita del giovane Luigi Comollo morto nel seminario di Chieri ammirato da tutti per le sue rare virtù /$cscritte dal venerabile sac. Giovanni Bosco. 264 1$aTorino :$bSocietà Editrice Internazionale,$c1928. 300 $a82 p. ;$c17 cm 650 4$aComollo, Luigi - Biografia.$0(OLS)http://semarc/subject/59293 850 $aSeMil 852 $aSeMil$W1$xVenegono$y1$m5C VIII 7/3$j265711$B256706$CSeMilBibl$Z2$F256706 $86 900 0 $aGiovanni : Bosco. 996 $6245$aCenni sulla vita del giovane Luigi Comollo morto nel seminario di Chieri ammirato da tutti per le sue rare virtù$9(OLS)http://semarc/title/457599 996 $6264$aTorino :$bSocietà Editrice Internazionale$9(OLS)http://semarc/publisher/29847 LEADER 00641nas a2200157 i 4500 001 000000007777 003 CaOOAMICUS 005 20180830125439.0 008 180830n it u0 ita u 040 $aSeMil$bita 110 2 $aInstituto Teológico Compostelano .$0(OLS)http://semarc/name/3994 245 10$aCollectanea scientifica compostellana /$cInstituto Teológico Compostelano. 260 $aSantiago de Compostela :$b[s.n.] 300 $av. ;$c24 cm. 996 $6245$aCollectanea scientifica compostellana$9(OLS)http://semarc/title/10385 996 $6260$aSantiago de Compostela :$b[s.n.]$9(OLS)http://semarc/publisher/32128